Startup Life (Record no. 85067)

MARC details
000 -LEADER
fixed length control field 00750nam a22002297a 4500
003 - CONTROL NUMBER IDENTIFIER
control field URS
005 - DATE AND TIME OF LATEST TRANSACTION
control field 20250828100515.0
008 - FIXED-LENGTH DATA ELEMENTS--GENERAL INFORMATION
fixed length control field 250326b ||||| |||| 00| 0 eng d
040 ## - CATALOGING SOURCE
Transcribing agency URS
050 ## - LIBRARY OF CONGRESS CALL NUMBER
Classification number HB615
Item number .F332 2013
100 ## - MAIN ENTRY--PERSONAL NAME
9 (RLIN) 11653
Personal name Feld, Brad
245 ## - TITLE STATEMENT
Title Startup Life
Remainder of title Surviving and Thriving in a Relationship with an Entrepreneur
264 ## - PRODUCTION, PUBLICATION, DISTRIBUTION, MANUFACTURE, AND COPYRIGHT NOTICE
Place of production, publication, distribution, manufacture Hoboken, N. J.
Name of producer, publisher, distributor, manufacturer John Wiley & Sons, Inc.
Date of production, publication, distribution, manufacture, or copyright notice ©2013
336 ## - CONTENT TYPE
Source rdacontent
Content type term text
337 ## - MEDIA TYPE
Source rdamedia
Media type term unmediated
338 ## - CARRIER TYPE
Source rdacarrier
Carrier type term volume
650 #0 - SUBJECT ADDED ENTRY--TOPICAL TERM
9 (RLIN) 11654
Topical term or geographic name entry element Entrepreneurship
General subdivision Psychological Aspects.
650 #0 - SUBJECT ADDED ENTRY--TOPICAL TERM
9 (RLIN) 11656
Topical term or geographic name entry element Business People
General subdivision Psychology
650 #0 - SUBJECT ADDED ENTRY--TOPICAL TERM
9 (RLIN) 11657
Topical term or geographic name entry element Man-woman Relationships
General subdivision Psychological Aspects.
700 ## - ADDED ENTRY--PERSONAL NAME
9 (RLIN) 11658
Personal name Batchelor, Amy
942 ## - ADDED ENTRY ELEMENTS (KOHA)
Source of classification or shelving scheme Library of Congress Classification
Koha item type Continuing Resources
Holdings
Withdrawn status Source of classification or shelving scheme Damaged status Not for loan Collection code Home library Current library Date acquired Total Checkouts Full call number Barcode Date last seen Price effective from Koha item type
  Library of Congress Classification     Non-fiction Morong Graduate Library Morong Graduate Library 03/26/2025   HB615 .F332 2013 URSMOR-GL-5631 03/26/2025 03/26/2025 Continuing Resources

University of Rizal System
Email us at univlibservices@urs.edu.ph

Visit our Website www.urs.edu.ph/library